| 000 | 00839nam a22002177a 4500 | ||
|---|---|---|---|
| 999 |
_c19138 _d19138 |
||
| 003 | AR-CdUCM | ||
| 008 | 190516b ||||| |||| 00| 0 spa d | ||
| 040 |
_aMUNICIPALIDAD PROVINCIAL DEL CUSCO _cBIBLIOTECA MUNICIPAL DEL CUSCO |
||
| 082 |
_a377.2 / _bG79 |
||
| 100 |
_aGraney, Maurice R. _940301 |
||
| 245 | _aLa escuela de enseñanza técnica / | ||
| 260 |
_aArgentina : _bTroquel, _c1964. |
||
| 300 |
_a150 páginas ; _c23 cm. |
||
| 440 |
_aBiblioteca de la nueva educación _940302 |
||
| 505 | _aContenido: El instinto técnico y la tecnología actual -- La organización y administración del instinto -- El contenido de los planes de estudio de los institutos técnicos... | ||
| 650 |
_aEducación _9460 |
||
| 650 |
_aPedagogía _91560 |
||
| 650 |
_aPlanes de estudio _940303 |
||
| 942 |
_2ddc _cLIBROS |
||
| 945 |
_adavv _d2019-05-16 |
||